000 00467nam a2200169Ia 4500
005 20250923144426.0
008 008 250917s9999 xx 000 0 eng d
037 _aTextual
040 _aDSWL
_beng
_cDSWL
041 _aeng
_2eng
084 _aL:5, J0
_qDSWL
100 _aLyster, Rebort A
_9824771
245 0 _aFirst course in hygiene
_cby Rebort A Lyster
260 _alondon
_c1950
942 _cTEXL
_hL:5, J0
999 _c1438703
_d1438703